Longest-Running Broadway Quiz Stats

 Plays Quiz Updated Nov 26, 2018

     
Support Sporcle.
Go Orange.
Score 0/30 Timer 08:00
3 Plays Today
Year debuted Show % Correct
1982Cats
85.2%
1988The Phantom of the Opera
80.1%
1997The Lion King
70.9%
2003Wicked
66.8%
1996Rent
65.5%
1987Les Misérables
60.1%
1996Chicago (revival)
52.5%
1994Beauty and the Beast
46.5%
2002Hairspray
44.2%
2011The Book of Mormon
42.6%
2014Aladdin
40.7%
1975A Chorus Line
38.1%
2001Mamma Mia!
37.5%
1977Annie
36.6%
1972Grease
36.1%
Year debuted Show % Correct
2001The Producers
34.4%
2005Jersey Boys
33.3%
2003Avenue Q
32.6%
1964Fiddler on the Roof
32.6%
2006Mary Poppins
31.7%
2013Kinky Boots
29.3%
1956My Fair Lady
27.9%
1998Cabaret
26.3%
1991Miss Saigon
25.3%
198042nd Street
20.8%
1964Hello, Dolly!
20.6%
2014Beautiful: The Carole King Musical
12.7%
1976Oh! Calcutta
9.1%
1933Tobacco Road
4.7%
1939Life with Father
4.6%

From the Vault

21st Century FIFA World Cup Countries

by manonthemoon

Sports 5m
Spoiler alert: Don't bother with USSR.
Remove Ads.
Support Sporcle.
Get the best of Sporcle when you Go Orange. This ad-free experience offers more features, more stats, and more fun while also helping to support Sporcle. Thank you for becoming a member.

Show Comments

Extras

Top Quizzes Today


Score Distribution

Your Account Isn't Verified!

In order to create a playlist on Sporcle, you need to verify the email address you used during registration. Go to your Sporcle Settings to finish the process.

Report this User

Report this user for behavior that violates our Community Guidelines.

Details: